| 000 | 00441nam a2200157 a 4500 | ||
|---|---|---|---|
| 005 | 20140310183148.0 | ||
| 008 | 020826s19uu xx 00 eng d | ||
| 050 |
_aPZ 3 _b.C555 1978 |
||
| 100 | _aChristie, Agatha | ||
| 245 |
_aElephants can remember / _cAgatha Christie. |
||
| 260 |
_aGreat Britain : _bWilliam Collins and Sons Co. Ltd., _c1972. |
||
| 300 |
_a160 p. : _c18 cm. |
||
| 650 | _aFiction | ||
| 942 |
_cBK _2lcc |
||
| 999 |
_c19588 _d19588 |
||